| 000 | 02371cam a22003734a 4500 | ||
|---|---|---|---|
| 001 | 14335293 | ||
| 005 | 20170105102922.0 | ||
| 008 | 060410s2006 cou b 001 0 eng | ||
| 010 | _a 2006011921 | ||
| 020 | _a1588264467 (alk. paper) | ||
| 020 | _a158826422X (pbk. : alk. paper) | ||
| 020 | _a978813097987 | ||
| 035 | _a(OCoLC)ocm67361105 | ||
| 040 |
_aDLC _cDLC _dBAKER _dC#P _dDLC |
||
| 042 | _apcc | ||
| 050 | 0 | 0 |
_aJC423 _b.P877 2006 |
| 082 | 0 | 0 |
_a321.8 _222 |
| 245 | 0 | 0 |
_aPromoting democracy in postconflict societies / _cedited by Jeroen de Zeeuw, Krishna Kumar. |
| 260 |
_aBoulder, Colo. : _bLynne Rienner Publishers, Inc., _c2006. |
||
| 300 |
_ax, 333 p. ; _c23 cm. |
||
| 500 | _a"A project of Clingendael, the Netherlands Institute of International Relations"--P. [ii]. | ||
| 504 | _aIncludes bibliographical references (p. 299-309) and index. | ||
| 505 | 0 | _aDemocracy assistance to postconflict societies / Krishna Kumar and Jeroen de Zeeuw -- International support to "no-party" democracy in Uganda / John-Jean Barya -- Electoral assistance and democratic transition in Ethiopia / Dessalegn Rahmato and Meheret Ayenew -- Fostering multiparty politics in Mozambique / Marc de Tollenaere -- Strengthening human rights in Guatemala / Dinorah Azpuru -- Human rights challenges in postconflict Cambodia / Sorpong Peou -- Human rights assistance to Sierra Leone / Mohamed Gibril Sesay and Charlie Hughes -- Transitional justice in Sierra Leone / Marieke Wierda -- Media assistance to postgenocide Rwanda / Christopher Kayumba and Jean-Paul Kimonyo -- Promoting independent media in El Salvador / Anne Germain Lefèvre -- Building a community radio network in Afghanistan / Krishna Kumar -- Conclusions -- Findings and recommendations / Jeroen de Zeeuw and Luc van de Goor. | |
| 650 | 0 | _aDemocracy. | |
| 650 | 0 |
_aDemocratization _vCase studies. |
|
| 650 | 0 | _aHuman rights. | |
| 700 | 1 | _aZeeuw, Jeroen de. | |
| 700 | 1 |
_aKumar, Krishna, _d1940- |
|
| 710 | 2 | _aNederlands Instituut voor Internationale Betrekkingen "Clingendael". | |
| 856 | 4 | 1 |
_3Table of contents _uhttp://www.loc.gov/catdir/toc/ecip0612/2006011921.html |
| 906 |
_a7 _bcbc _corignew _d1 _eecip _f20 _gy-gencatlg |
||
| 942 |
_2ddc _cBK |
||
| 999 |
_c15621 _d15621 |
||